| 000 | 01277nam0a2200337 4500 | ||
|---|---|---|---|
| 001 | RU\NLR\BIBL_A\011923981 | ||
| 005 | 20190207151221.0 | ||
| 010 |
_a978-5-906989-48-2 _97500 |
||
| 021 |
_aRU _bКН-П-18-099563 _9КН-П-18-7227 |
||
| 035 | _a(NLR Aleph) 011923981 | ||
| 035 | _a(RuMoRGB)009848392 | ||
| 090 |
_a11003193 _c11003193 |
||
| 100 | _a20190130d2018 c y0rusy50 ca | ||
| 101 | 0 | _arus | |
| 102 | _aRU | ||
| 105 | _a z 000 | ||
| 200 | 1 |
_aСказка о золотом петушке _fАлександр Сергеевич Пушкин _g[художник Валентин Чемякин] |
|
| 210 |
_aСанкт-Петербург _cКачели _d2018 |
||
| 215 |
_a23 с. _cцв. ил. _d28 |
||
| 225 | 1 | _aЛавка сказок | |
| 333 | _aДля детей старшего дошкольного и младшего школьного возраста; 6+ | ||
| 686 | 0 | _aШ9(2)60=Р5-5 | |
| 700 | 1 |
_aПушкин _bА. С. _cпоэт _f1799-1837 _gАлександр Сергеевич _3RU\NLR\AUTH\77386 |
|
| 702 | 1 |
_aЧемякин _bВ. _gВалентин _4040 |
|
| 942 | _cBOOK | ||
| 980 | _aNBR | ||
| 980 | _aNB | ||